Diversity management (Record no. 161458)
[ view plain ]
| 000 -LEADER | |
|---|---|
| fixed length control field | 01546nam a2200373 a 4500 |
| 082 04 - DEWEY DECIMAL CLASSIFICATION NUMBER | |
| Classification number | 658.3008 |
| 245 00 - TITLE STATEMENT | |
| Title | Diversity management |
| 260 ## - PUBLICATION, DISTRIBUTION, ETC. (IMPRINT) | |
| Place of publication | New York : |
| Name of publisher | Nova Science Publishers, |
| Year of publication | c2011. |
| 300 ## - PHYSICAL DESCRIPTION | |
| Number of Pages | xviii, 210 p. : |
| Other physical details | ill., maps. |
| 490 1# - SERIES STATEMENT | |
| Series statement | Management science--theory and applications |
| 505 0# - FORMATTED CONTENTS NOTE | |
| Formatted contents note | pt. 1. Perspectives on diversity -- pt. 2. Approaches to diversity. |
| 650 #0 - SUBJECT ADDED ENTRY--TOPICAL TERM | |
| Topical Term | Multiculturalism. |
| Topical Term | Cultural pluralism. |
| Topical Term | Diversity in the workplace. |
| 700 1# - ADDED ENTRY--PERSONAL NAME | |
| Personal name | Chen, Sheying. |
| 856 40 - ELECTRONIC LOCATION AND ACCESS | |
| Uniform Resource Identifier | http://site.ebrary.com/lib/rucke/Doc?id=10670959 |
No items available.
